000 00395pam a2200157 a 4500
020 _a9789380378879
_c
041 _h
082 _a617.3
_bWAG
100 _aWAGNER M., FRIGG R.
245 _aAO MANUAL OF FRACTURE MGT INTERNAL FIXATORS,CONCEPTS,CASES + CD
_hTextual Documents
250 _a1.
260 _bTHIEME
_c2006
300 _a868:
_bXX;
_cHB+
_eCD.
930 _a5594
999 _c800121
_d800121
650 _aORTHO